Enabling Innovation Innovationsfähigkeit - deutsche und internationale Perspektiven
Uložené v:
| Ďalší autori: | |
|---|---|
| Médium: | Kniha |
| Jazyk: | German |
| Vydavateľské údaje: |
Berlin
Springer-Verlag
2011
|
| Predmet: | |
| Tagy: |
Žiadne tagy, Buďte prvý, kto otaguje tento záznam!
|
MARC
| LEADER | 00000nam a2200000 4500 | ||
|---|---|---|---|
| 001 | 0210086 | ||
| 005 | 20221108071218.7 | ||
| 020 | |a 978-3-642-24298-4 | ||
| 041 | 0 | |a ger | |
| 044 | |a DE | ||
| 245 | 1 | 0 | |a Enabling Innovation |b Innovationsfähigkeit - deutsche und internationale Perspektiven |c Herausgeber: Sabina Jesche ... [et al.] |
| 264 | 1 | |a Berlin |b Springer-Verlag |c 2011 | |
| 300 | |a 520 s. | ||
| 610 | 2 | 0 | |a inovácia |
| 610 | 2 | 0 | |a proces pracovný |
| 610 | 2 | 0 | |a podmienky pracovné |
| 610 | 2 | 0 | |a rozvoj sociálno-ekonomický |
| 610 | 2 | 0 | |a rozvoj pracovníkov |
| 610 | 2 | 0 | |a rozvoj podniku |
| 610 | 2 | 0 | |a kompetentnosť sociálna |
| 610 | 2 | 0 | |a programy výskumné |
| 610 | 2 | 0 | |a programy rozvojové |
| 610 | 2 | 0 | |a veda |
| 610 | 2 | 0 | |a ekonomika kreatívna |
| 610 | 2 | 0 | |a politika |
| 610 | 2 | 0 | |a prognózy hospodárske medzinárodné |
| 700 | 1 | |a Jeschke, Sabina | |